Welcome to the Holygrace Academy Library

Please use search bar below to get started

MAGICAL STORIES (Record no. 6939)

MARC details
000 -LEADER
fixed length control field 00585nam a22001457a 4500
020 ## - INTERNATIONAL STANDARD BOOK NUMBER
ISBN 978-81-319-3937-6
082 ## - DEWEY DECIMAL CLASSIFICATION NUMBER
Classification number 823
Item number PRI/M
100 ## - MAIN ENTRY--AUTHOR NAME
Personal name PRISM READERS
245 ## - TITLE STATEMENT
Title MAGICAL STORIES
260 ## - PUBLICATION, DISTRIBUTION, ETC. (IMPRINT)
Place of publication BANGALORE
Name of publisher PRISM BOOKS
300 ## - PHYSICAL DESCRIPTION
Number of Pages 72
520 ## - SUMMARY, ETC.
Summary, etc his story tells about a magic hat that appears in the sky above a town and eventually changes the people of the town into large animals. Then, they have an interaction with a wizard that will surprise and delight kids who are interested in magic and the lessons people can learn from it.
650 ## - SUBJECT ADDED ENTRY--TOPICAL TERM
Topical Term SHORT STORY
942 ## - ADDED ENTRY ELEMENTS (KOHA)
Koha item type Books
Holdings
Withdrawn status Lost status Collection code Home library Current library Shelving location Date acquired Source of acquisition Full call number Accession Number Koha item type
    Fiction Main Library Main Library NEW SHELF WITH NEW ENTRY 10/10/2023 CONTRIBUTION 823 PRI/M 12965 Books